000 00427nam a2200145 i 4500
001 26267
003 ES-MaACL
007 t|
008 030108s1867 fr ||||1| fre d
100 1 _aAssollant, Alfred.
_923662
245 1 0 _aAventures merveilleuses mais authentiques du capitaine Corcoran /
_cpar Alfred Assollant.
260 _aParis :
_bCh. Lahure,
_c1867.
300 _a2 v. ;
_c18 cm.
852 _aES-MaACL
_jG-10912-10913
999 _c26267
_d26267